| 000 | 00742 a2200193 4500 | ||
|---|---|---|---|
| 005 | 20240802152934.0 | ||
| 010 | _aB-758966 | ||
| 020 |
_a9788188995806 _c300.00 |
||
| 035 | _aB-758966 | ||
| 037 | _bउपहार | ||
| 082 | _aक | ||
| 100 |
_aहमीदुल्ला _969363 |
||
| 245 |
_aहरियल तोता/ _cहमीदुल्ला |
||
| 260 |
_aन्यू दिल्ली _bज्ञानदीप प्रकाशन _c2021 |
||
| 270 |
_a3/689 महरौली _bन्यू दिल्ली _e110030 |
||
| 300 |
_a64 पृष्ठ.; _c24cm. (साजिल्द) |
||
| 942 |
_adpl _cCH _2ddc _hक _mहमीदु |
||
| 999 |
_c202709 _d202709 |
||